00000000nam 2200000zi 4500
0019.932064
003CaOODSP
00520250110130434
006m     o  d f      
007cr |n|||||||||
008231229e198704##qucda   ob   f|0| 0 fre d
040 |aCaOODSP|bfre|erda|cCaOODSP
043 |an-cn-qu
0861 |aCW66-1502/1987F-PDF
24500|aÉvaluation de paramêtres environnementaux reliés à l'abondance des couvées de canards barboteurs / |cG.R.E.B.E.
264 1|a[Sainte-Foy, Québec] : |bService canadien de la faune, |cavril 1987.
300 |a1 ressource en ligne (i, 32, [34] pages) : |bgraphiques, illustrations
336 |atexte|btxt|2rdacontent/fre
337 |ainformatique|bc|2rdamedia/fre
338 |aressource en ligne|bcr|2rdacarrier/fre
500 |aÉdition numérisée de l’imprimé [par Environnement et changement climatique Canada].
504 |aComprend des références bibliographiques (page 32).
650 6|aAnas|xHabitat|zQuébec (Province)
650 0|aAnas|xHabitat|zQuébec (Province)
7102 |aService canadien de la faune, |eorganisme de publication.
7102 |aG.R.E.B.E. inc., |econsultant.
85640|qPDF|s1.96 Mo|uhttps://publications.gc.ca/collections/collection_2025/eccc/cw66/CW66-1502-1987-fra.pdf